000
00318nam a2200133 a 4500
005
20140412111430.0
008
110218s19uu xx 00 eng d
050
_a
M 363.72
_b
Gol622 2010
100
_a
Goldsmith, Mike
245
_a
Recycling.
260
_b
Ticktock.
440
_a
Let's find about
999
_c
106345
_d
106345